000 00555nam a22000977a 4500
008 170408b xxu||||| |||| 00| 0 eng d
100 _aPatton, Donald
245 _aHamburg
260 _aLondon
_bRobson Lowe Ltd.
_c1963
650 _aGermany -- Hamburg (1859-1868) | North German Confederation (1868-1871) | German States | Postal History | Postal Markings Bogus and Forged | Post Offices | Postal Service | Locals and Private Posts | Postal Rates | Production | Forgeries and Counterfeits | Reissues and Reprints | Postal Stationery | Collecting -- Identification
999 _c2345
_d2345